المسئولية الدولية فى مجال المنازعات المتعلقة بالاتفاقيات و العقود البترولية / (رقم التسجيلة. 58303)

تفاصيل مارك
000 -LEADER
fixed length control field 02365cam a2200325 a 4500
003 - CONTROL NUMBER IDENTIFIER
control field EG-GiCUC
005 - DATE AND TIME OF LATEST TRANSACTION
control field 20250223031604.0
008 - FIXED-LENGTH DATA ELEMENTS--GENERAL INFORMATION
fixed length control field 161026s2016 ua f m 000 0 ara d
040 ## - CATALOGING SOURCE
Original cataloging agency EG-GiCUC
Language of cataloging ara
Transcribing agency EG-GiCUC
041 0# - LANGUAGE CODE
Language code of text/sound track or separate title ara
049 ## - LOCAL HOLDINGS (OCLC)
Holding library ايداع
097 ## - Thesis Degree
Thesis Level دكتوراه
099 ## - LOCAL FREE-TEXT CALL NUMBER (OCLC)
Classification number Cai01.04.04.Ph.D.2016.صل.م
100 0# - MAIN ENTRY--PERSONAL NAME
Personal name صلاح عبدالحميد صلاح نور الدين
245 12 - TITLE STATEMENT
Title المسئولية الدولية فى مجال المنازعات المتعلقة بالاتفاقيات و العقود البترولية /
Statement of responsibility, etc. صلاح عبدالحميد صلاح نور الدين ؛ إشراف عادل عبدالله المسدى : أشرف عرفات أبوحجازة
260 ## - PUBLICATION, DISTRIBUTION, ETC.
Place of publication, distribution, etc. القاهرة :
Name of publisher, distributor, etc. صلاح عبدالحميد صلاح نور الدين :
Date of publication, distribution, etc. 2016
300 ## - PHYSICAL DESCRIPTION
Extent 367 ص ؛
Dimensions 25سم
502 ## - DISSERTATION NOTE
Dissertation note اطروحة (دكتوراه) - جامعة القاهرة - كلية الحقوق - قسم القانون الدولى العام
520 ## - SUMMARY, ETC.
Summary, etc. تهدف الرسالة إلى إيضاح أهمية العقود البترولية؛ و استعراض بعض القضايا و أحكام التحكيم المتعلقة بهذه العقود: و كذلك إلقاء الضوء على بعض المنازعات البترولية: و مدى إثارتها لدعاوى المسئولية الدولية من خلال اللجوء لوسيلة الحماية الدبلوماسية؛ لحماية الرعايا الأجانب و أموالهم بالخارج: و ما يترتب عليه من آثار قانونية. كما توصلت الدراسة إلى أهمية إدراج شرط المراجعة أو إعادة التفاوض بالعقود و الاتفاقيات البترولية: بالإضافة إلى إعادة النظر فى الإعفاءات الضريبية لشركات البترول الأجنبية
530 ## - ADDITIONAL PHYSICAL FORM AVAILABLE NOTE
Additional physical form available note صدر ايضا كقرص مدمج
653 #4 - INDEX TERM--UNCONTROLLED
Uncontrolled term العقود و الاتفاقيات البترولية
653 #4 - INDEX TERM--UNCONTROLLED
Uncontrolled term المسئولية الدولية
653 #4 - INDEX TERM--UNCONTROLLED
Uncontrolled term المنازعات البترولية
700 0# - ADDED ENTRY--PERSONAL NAME
Personal name أشرف عرفات أبوحجازة :
Relator term
700 0# - ADDED ENTRY--PERSONAL NAME
Personal name عادل عبدالله المسدى :
Relator term
856 ## - ELECTRONIC LOCATION AND ACCESS
Uniform Resource Identifier <a href="http://172.23.153.220/th.pdf">http://172.23.153.220/th.pdf</a>
905 ## - LOCAL DATA ELEMENT E, LDE (RLIN)
Cataloger Nazla
Reviser Revisor
905 ## - LOCAL DATA ELEMENT E, LDE (RLIN)
Cataloger Samia
Reviser Cataloger
942 ## - ADDED ENTRY ELEMENTS (KOHA)
Source of classification or shelving scheme Dewey Decimal Classification
Koha item type Thesis
المقتنيات
Source of classification or shelving scheme Not for loan Home library Current library Date acquired Full call number Barcode Date last seen Koha item type Copy number
Dewey Decimal Classification   المكتبة المركزبة الجديدة - جامعة القاهرة قاعة الرسائل الجامعية - الدور الاول 11.02.2024 Cai01.04.04.Ph.D.2016.صل.م 01010100022556000 22.09.2023 Thesis  
Dewey Decimal Classification   المكتبة المركزبة الجديدة - جامعة القاهرة مخـــزن الرســائل الجـــامعية - البدروم 11.02.2024 Cai01.04.04.Ph.D.2016.صل.م 01020100022556000 22.09.2023 CD - Rom 22556.CD
Cairo University Libraries Portal Implemented & Customized by: Eng. M. Mohamady Contacts: new-lib@cl.cu.edu.eg | cnul@cl.cu.edu.eg
CUCL logo CNUL logo
© All rights reserved — Cairo University Libraries
CUCL logo
Implemented & Customized by: Eng. M. Mohamady Contact: new-lib@cl.cu.edu.eg © All rights reserved — New Central Library
CNUL logo
Implemented & Customized by: Eng. M. Mohamady Contact: cnul@cl.cu.edu.eg © All rights reserved — Cairo National University Library